Romance linguistics 2009 : selected papers from the 39th linguistic symposium on romance languages (LSRL), Tucson, Arizona, March 2009 /

Bibliographic Details
Corporate Author: Linguistic Symposium on Romance Languages Tucson, Arizona
Other Authors: Colina, Sonia, Olarrea, Antxon, Carvalho, Ana Maria
Format: Conference Proceeding Book
Language:English
Published: Amsterdam ; Philadelphia : John Benjamins Pub. Co.., [2010]
Series:Amsterdam studies in the theory and history of linguistic science. Current issues in linguistic theory. v. 315.
Subjects:

MARC

Tag First Indicator Second Indicator Subfields
LEADER 00000cam a2200000 a 4500
001 in00002649821
005 20151202113600.0
008 100803s2010 ne a b 001 0 eng
010 |a  2010032379 
020 |a 9789027248336 (hb : alk. paper) 
020 |a 9027248338 (hb : alk. paper) 
020 |a 9789027287649 (eb : alk. paper) 
020 |a 9027287643 (eb : alk. paper) 
035 |a (OCoLC)ocn652743772 
040 |a DLC  |c DLC  |d YDX  |d YDXCP  |d OHX  |d TXA  |d UtOrBLW 
049 |a TXAM 
050 0 0 |a PC11  |b .L53 2010 
082 0 0 |a 440  |2 22 
090 |a PC11  |b .L53 2009 
111 2 |a Linguistic Symposium on Romance Languages  |n (39th :  |d 2009 :  |c Tucson, Arizona) 
245 1 0 |a Romance linguistics 2009 :  |b selected papers from the 39th linguistic symposium on romance languages (LSRL), Tucson, Arizona, March 2009 /  |c edited by Sonia Colina, Antxon Olarrea, Ana Maria Carvalho. 
264 1 |a Amsterdam ;  |a Philadelphia :  |b John Benjamins Pub. Co..,  |c [2010] 
264 4 |c ©2010 
300 |a xiv, 426 pages :  |b illustrations ;  |c 25 cm. 
336 |a text  |b txt  |2 rdacontent 
337 |a unmediated  |b n  |2 rdamedia 
338 |a volume  |b nc  |2 rdacarrier 
490 1 |a Amsterdam studies in the theory and history of linguistic science. Series IV, Current issues in linguistic theory,  |x 0303-0763,  |v v.315 
500 |a "The thirty-ninth annual Linguistic Symposium on Romance Languages (LSRL) was held for the first time at the University of Arizona 27-29 March 2009. The by-now traditional parasession was on devoted to Variation and Change in Romance." 
504 |a Includes bibliographical references and index. 
650 0 |a Romance languages  |v Congresses. 
700 1 |a Colina, Sonia. 
700 1 |a Olarrea, Antxon. 
700 1 |a Carvalho, Ana Maria. 
830 0 |a Amsterdam studies in the theory and history of linguistic science.  |n Series IV,  |p Current issues in linguistic theory.  |x 0304-0763 ;  |v v. 315. 
948 |a cataloged  |b h  |c 2011/1/4  |d c  |e ceaton  |f 1:33:24 pm 
994 |a C0  |b TXA 
999 |a MARS 
999 f f |s 7e064703-234a-317e-8367-54e4d1c90292  |i 00ba77d8-0255-3a7b-957b-b8a78db2350e  |t 0 
952 f f |p ric  |a Texas A&M University  |b Rellis Campus  |c Joint Library Facility  |s JLF  |d Remote Storage  |t 0  |e PC11 .L53 2009  |h Library of Congress classification  |i unmediated -- volume  |m A14839464937 
998 f f |a PC11 .L53 2009  |t 0  |l Remote Storage